000 01059nam a2200313 i 4500
003 EG-GICUC
005 20260228082953.0
008 260228s1955 -uk||||fr|||| 001 0 eng d
040 _aEG-GiCUC
_beng
_cEG-GiCUC
_dEG-GiCUC
_erda
041 0 _aeng
082 0 4 _221
_a341.6
_bRU . H
092 0 4 _221
099 _aLaw1 11 341.6 RU . H 1955
100 1 _aRunciman, Steven
_eAuthor.
245 1 2 _aA History Of The Crusades.
_nVolume III,
_pThe Kingdom Of Acre And The Later Crusades /
_cBy Steven Runciman.
264 3 _aCambridge :
_bThe University Press,
_c1955.
300 _a529 pages :
_billustrations,
_c24 cm
336 _2rda content
_atext
337 _2rda media
_aComputer
338 _2rda carrier
_aOnline Resource
504 _aIncludes bibliographical references and index.
504 _aBibliography: pages 493-503.
546 _aText in English
650 1 4 _aPublic international law
_2qrmak
651 1 _2qrmak
856 4 0 _uhttps://fll.law.cu.edu.eg/fulltext/bks/B11-08233.pdf
905 _a48
942 _2ddc
_cBK
_e21
_n0
999 _c64329
_d64329